000 00792nam a2200205Ia 4500
999 _c65228
_d65228
003 GCL
005 20240530110813.0
008 140319s9999 xx 000 0 ara d
040 _aGCL /
_cGCL
082 0 4 _a791.43094
_bس س
100 1 _aسمير فريد
245 1 0 _aالسينما فى دول الاتحاد الاوربى :
_bالاسواق والشركات والاستوديوهات /
_cسمير فريد
250 _aط.1
260 _a[S.N] :
_bالاتحاد الاوروبى ،
_c2004
260 _aالقاهرة :
_bدار الياس العصرية للطباعه والنشر ،
_c2004
300 _a109 ص ؛
_c24 سم
650 0 4 _aالسينما - تاريخ
650 0 4 _aالسينما - تاريخ ونقد - الاتحاد الاوروبى
942 _2ddc
_cBK